000 00741namaa2200265 a 4500
001 vtls001304713
003 NLI
005 20210627043904.0
008 120418s1980 dcu i000 0 eng
039 9 _y201204181934
_zVLOAD
040 0 _aNLI
_cVTLS-2012_FOD
_eAACR2
041 0 _aeng
044 _adcu
082 0 4 _a330
110 1 _aUnited States.
_bDepartment of Labor
_9707174
245 1 0 _aMore than a dream :
_bbeing your own boss
260 _aWashington, D.C. :
_bUnited States Department of Labor,
_c1980
300 _aVarious pagings ;
_c28 cm.
650 0 _aEconomics
650 0 _aComparative economics
_9725467
887 _a
901 _aAD 144618
_b12.11.2010
902 _aU.S 330 Un 3 mo
942 _2ddc
_cBKS
999 _c596194
_d596194